01311nam a2200325 a 4500001001200000003000800012006001900020007001500039008004100054010001700095020002600112020002500138020002700163040002100190035002100211050002600232082002000258100002300278245012300301260008500424300001500509504005100524533015200575650003600727650003300763655002900796710001700825856012600842999001700968ebr10653855CaPaEBRm u cr cn|||||||||121026s2013 enk sb 001 0 eng d z 2012036588 z9781118469200 (cloth) z9781118469194 (pbk.) z9781118469163 (e-book) aCaPaEBRcCaPaEBR a(OCoLC)81773688114aRC552.E18bN64 2013eb04a616.85/26062231 aNoordenbos, Greta.10aRecovery from eating disordersh[electronic resource] :ba guide for clinicians and their clients /cGreta Noordenbos. aChichester, West Sussex, U.K. ;aMalden, Mass. :bJohn Wiley & Sons Inc.,c2013. aix, 162 p. aIncludes bibliographical references and index. aElectronic reproduction.bPalo Alto, Calif. :cebrary,d2013.nAvailable via World Wide Web.nAccess may be limited to ebrary affiliated libraries. 0aEating disordersxRisk factors. 0aEating disordersxTreatment. 7aElectronic books.2local2 aebrary, Inc.40uhttp://site.ebrary.com/lib/rucke/Doc?id=10653855zAn electronic book accessible through the World Wide Web; click to view c76699d76699